Enchiridion theologicum scholastico-dogmaticum juxta mentes Johannes de Baccone doctoris cognomento resoluti ad usum scholae ordenes carmelitarum (Record no. 8751)

MARC details
000 -CABECERA
campo de control de longitud fija 00787nam a2200217 a 4500
001 - NÚMERO DE CONTROL
campo de control BRCA_9102
005 - FECHA Y HORA DE LA ÚLTIMA TRANSACCIÓN
campo de control 20190320210525.0
008 - DATOS DE LONGITUD FIJA--INFORMACIÓN GENERAL
campo de control de longitud fija 051017s1765----it-#######---#000-0#lat-#
041 ## - CÓDIGO DE LENGUA
Código de lengua del texto/banda sonora o título independiente lat
044 ## - CÓDIGO DEL PAÍS DE LA ENTIDAD EDITORA/PRODUCTORA
Código MARC del país it
084 ## - OTRO NÚMERO DE CLASIFICACIÓN
Número de clasificación BE243
Número de documento/Ítem .E53 1765
100 1# - ENTRADA PRINCIPAL--NOMBRE DE PERSONA
Nombre de persona Baccone, Johannes de
9 (RLIN) 22474
245 10 - MENCIÓN DE TÍTULO
Título Enchiridion theologicum scholastico-dogmaticum juxta mentes Johannes de Baccone doctoris cognomento resoluti ad usum scholae ordenes carmelitarum
Resto del título tomus secundus de deo uno et trino.
260 ## - PUBLICACIÓN, DISTRIBUCIÓN, ETC.
Lugar de publicación, distribución, etc. Romae
Nombre del editor, distribuidor, etc. Ex Typographia Hermatheniana
Fecha de publicación, distribución, etc. 1765
300 ## - DESCRIPCIÓN FÍSICA
Extensión 343 p. (t.2)
Dimensiones 18.5 x 12 cm
500 ## - NOTA GENERAL
Nota general Superiorum Facultate
500 ## - NOTA GENERAL
Nota general Estado físico: presenta encuadernación en pergamino con presencia del pez de plata
650 14 - PUNTO DE ACCESO ADICIONAL DE MATERIA--TÉRMINO DE MATERIA
Término de materia o nombre geográfico como elemento de entrada Teología
9 (RLIN) 22475
902 ## - CATALOGADOR
Iniciales CFM
942 ## - ELEMENTOS DE PUNTO DE ACCESO ADICIONAL (KOHA)
Fuente del sistema de clasificación o colocación Library of Congress Classification
Tipo de ítem Koha Libros
Holdings
Estado de retiro Estado de pérdida Estado dañado No para préstamo Localización permanente Ubicación/localización actual Fecha de adquisición Total de préstamos Signatura topográfica completa Código de barras Fecha visto por última vez Precio válido a partir de Tipo de ítem Koha
El ejemplar forma parte de la colección y puede ser consultado según las políticas vigentes.       Biblioteca del Museo Franz Mayer (Rogerio Casas-Alatriste) Biblioteca del Museo Franz Mayer (Rogerio Casas-Alatriste) 05/10/2017   BE243 .E53 1765 CFM00452 22/03/2019 22/03/2019 Libros